<The> importance of NATO in the European security environment
Zmenená úloha NATO po skončení studenej vojny a nová bezpečnostná stratégia Aliancie v nových bezpečnostných podmienkach. Nové dimenzie aktivít NATO. NATO a Európska únia - bezpečnostná spolupráca alebo rivalita?
Enregistré dans:
| Auteur principal: | |
|---|---|
| Format: | Chapitre de livre |
| Langue: | anglais |
| Sujets: | |
| Tags: |
Pas de tags, Soyez le premier à ajouter un tag!
|
MARC
| LEADER | 00000naa a2200000 4500 | ||
|---|---|---|---|
| 001 | 0147360 | ||
| 005 | 20231207091959.9 | ||
| 041 | 0 | |a eng | |
| 044 | |a SK | ||
| 245 | 1 | 0 | |a <The> importance of NATO in the European security environment |c Elak Leszek |
| 520 | |a Zmenená úloha NATO po skončení studenej vojny a nová bezpečnostná stratégia Aliancie v nových bezpečnostných podmienkach. Nové dimenzie aktivít NATO. NATO a Európska únia - bezpečnostná spolupráca alebo rivalita? | ||
| 610 | 2 | 0 | |a bezpečnosť medzinárodná |
| 610 | 2 | 0 | |a bezpečnosť európska |
| 610 | 2 | 0 | |a spolupráca medzinárodná |
| 610 | 2 | 0 | |a konkurencia medzinárodná |
| 610 | 2 | 0 | |a Európska únia |
| 610 | 2 | 0 | |a NATO |
| 100 | 1 | |a Leszek, Elak | |